00366nam a2200085Ia 4500008004100000245012300041260000900164300008500173650002200258180130s9999 xx 000 0 und d cEagle, David E.aMega, medium, and mini: size ang the socioeconomic status composition of American protestant churches c2013 aBook title: Religion, work and inequality--Acession number C17314; pages 281-310 aSOCIOLOGY OF WORK